Química 2 /

Guardado en:
Autor Principal: Magnetti, Renée César
Formato: Libro
Publicado: Buenos Aires : Ed. Personales, 1998
Materias:
Etiquetas: Agregar Etiqueta
Sin Etiquetas, Sea el primero en etiquetar este registro!
LEADER 00578nam a22002175a 4500
001 CEM.cems017069
005 20101005153821.0
008 130507s1998##################000#0#####d
003 CEMS
020 |a 9879629108 
082 0 4 |a 540 
100 1 |a Magnetti, Renée César 
245 1 0 |a Química 2 /  |c Renée César Magnetti, 
260 |a Buenos Aires :  |b Ed. Personales,  |c 1998 
300 |a 107 p. 
653 |a Química 
653 |a Química-polimodal 
653 |a Materia 
653 |a Molécula 
653 |a Átomo 
859 |a CEMS  |b BIB. CEMS - Agricultura  |h 540  |i M274-1  |p A0475.03  |t Ej.1